| LEADER | 00481nam a2200193Ia 4500 | ||
|---|---|---|---|
| 001 | CTU_109540 | ||
| 008 | 210402s9999 xx 000 0 und d | ||
| 082 | |a 937 | ||
| 082 | |b D847 | ||
| 100 | |a Dudley, Donald | ||
| 245 | 0 | |a Roman society | |
| 245 | 0 | |c Donald Dudley | |
| 260 | |a Harmondsworth | ||
| 260 | |b Penguin | ||
| 260 | |c 1975 | ||
| 650 | |a Rome | ||
| 650 | |x History | ||
| 904 | |i Minh, Q. Hiếu (sửa) | ||
| 980 | |a Trung tâm Học liệu Trường Đại học Cần Thơ | ||